Every Boulevard of Broken Dreams Lyric - Statistics

General Stats
  • This quiz has been taken 204 times
  • The average score is 152 of 192
Answer Stats
Answer % Correct
a
100%
I
100%
On
100%
the
100%
walk
98%
only
97%
road
97%
that
97%
alone
96%
me
96%
know
94%
lonely
94%
one
94%
My
93%
my
93%
and
92%
And
92%
ever
92%
have
92%
of
91%
Of
91%
it
89%
Boulevard
88%
Broken
88%
Dreams
88%
where
88%
Where
88%
but
85%
known
85%
Don't
84%
beside
81%
it's
81%
street
81%
goes
80%
I'm
80%
shadow's
80%
then
79%
empty
78%
this
76%
thing
75%
that's
74%
city
73%
walks
70%
beating
69%
shallow
69%
heart's
68%
sleeps
68%
Sometimes
65%
to
65%
To
65%
find
64%
will
64%
wish
64%
there
61%
in
60%
Til
60%
someone
57%
up
57%
line
55%
out
53%
all
48%
Check
48%
mind
48%
signs
47%
still
47%
vital
47%
What's
47%
fucked
46%
down
45%
somewhere
45%
alive
44%
borderline
42%
everything's
42%
home
42%
right
41%
Ah
39%
ah
39%
walking
39%
divides
38%
between
36%
lines
36%
edge
34%
Read
29%
No matching quizzes found
Score Distribution
Percent of People with Each Score
Percentile by Number Answered
Your Score History
You have not taken this quiz